000 00452nam a22001217a 4500
999 _c13553
_d13553
082 _a297.63
_bش ک ی
100 _aشاہ مصباح الدین شکیل
245 _aسیرت احمد مجتبیٰ ( جلد سوم )
_bغزوہ خندق سے سفر آخرت تک
260 _aکراچی
_bپاکستان اسٹیٹ آئل
_c١٩٨٦
300 _a٥١٢ صفحات
650 _aIslam, Seerat, Prophet Muhammad, Seerat Ahmed Mujtuba
942 _cBK